000 03751nam a22011417a 4500
003 PE-LiUPU
005 20250813185657.0
008 230926b |||||||| |||| 00| 0 spa d
020 _a9786125005083
040 _bspa
_cPE-LiUPU
_dPE-LiUPU
_erda
082 _223
_a346.5
_bF386n
100 1 0 _aFerrero C., Raúl,
_d1941-
_eautor.
_92586
245 1 3 _aEl negocio jurídico :
_bDerecho de las obligaciones /
_cRaúl Ferrero C. ; prólogos de José León Barandiarán y Atilio Anibal Alterini.
250 _aPrimera edición.
264 _aLima :
_bNomos & Thesis,
_c2021.
300 _a655 páginas :
_cIlustraciones ;
_b25 centímetros.
490 _3(Colección Obras escogidas ;
_a5)
504 _aIncluye referencias bibliográficas.
505 _aHechos jurídicos -- Hecho jurídico natural -- Acto jurídico -- Negocio jurídico -- Clasificación de los negocios jurídicos -- Elementos generales del negocio jurídico -- Elementos constitutivos del negocio jurídico -- Concepto del derecho de las obligaciones -- La relación obligatoria: elementos esenciales de la obligación -- Obligaciones de dar -- Obligaciones de Hacer y obligaciones de No Hacer -- Obligaciones conjuntivas, disyuntivas, alternativas y facultativas -- Obligaciones divisibles y obligaciones indivisibles -- Obligaciones mancomunadas y obligaciones solidarias -- Reconocimiento de las obligaciones -- Cesión de derechos -- Efectos de las obligaciones. Tutela del interés del acreedor -- El pago: disposiciones generales -- Pago de interés -- Pago por consignación -- Imputación del pago -- Pago con subrogación -- La dación del pago -- Pago indebido -- La novación -- La compensación -- La condonación -- La consolidación -- La transacción -- Mutuo disenso -- Inejecución de obligaciones -- La mora -- obligaciones con cláusula penal.
526 _aP202
526 _aP201
526 _aP163
526 _aP162
526 _aP161
526 _aP160
526 _aP148
526 _aP147
526 _aP146
526 _aP145
526 _aP144
526 _aP143
526 _aP142
526 _aP141
526 _aP140
526 _aP139
526 _aP138
526 _aP137
526 _aP136
526 _aP135
526 _aP134
526 _aP133
526 _aP129
526 _aP128
526 _aP127
526 _aP120
526 _aP119
526 _aP118
526 _aP116
526 _aP115
526 _aP114
526 _aP110
526 _aP109
526 _aP108
526 _aP104
526 _aP103
526 _aP102
526 _aP99
526 _aP98
526 _aP97
526 _aP96
526 _aP95
526 _aP93
526 _aP90
526 _aP89
526 _aP88
526 _aP83
526 _aP82
526 _aP62
526 _aP59
526 _aP58
526 _aP57
526 _aP51
526 _aP49
526 _aP48
526 _aP47
526 _aP29
526 _aP24
526 _aP20
526 _aP19
526 _aP17
526 _aP15
526 _aP14
526 _aP12
526 _aP10
526 _aP09
526 _aP08
526 _aP07
526 _aP06
526 _aP05
526 _aP04
526 _aP01
556 _a10444184961 E001-106
_z9786125005083
650 1 4 _aAcos jurídicos
_zPerú.
_2lc
_92591
650 1 4 _aObligaciones (Derecho)
_zPerú.
_2lc
_92592
942 _2ddc
_cBK
_n0
980 _618226
_aJaime Vilcazán Jefe de Análisis Documental
_81
_gALBERTO SANCHEZ Responsable de Automatización
999 _c61978
_d61978